| 000 | 00648nam a22001937a 4500 | ||
|---|---|---|---|
| 005 | 20251108165320.0 | ||
| 008 | 250721s1993 xx 000 0 ara d | ||
| 082 | 1 | 4 | _a633.88/جما |
| 100 | 1 | _aأحمد، جمال الدين فهمي | |
| 245 | 1 | 0 | _aالنباتات الطبية و العطرية / |
| 264 | 1 |
_aالقاهرة : _bجامعة القاهرة - التعليم المفتوح، _c1993. |
|
| 300 | _a215ص | ||
| 650 | 1 | 7 | _aالنباتات الطبية |
| 650 | 1 | 7 | _aالطب الشعبي |
| 700 | 1 | _aالسيد، عبد الغفور عوض | |
| 700 | 1 | _aبدوي، السعدي محمد | |
| 942 |
_2ddc _cBK |
||
| 999 |
_c24871 _d24871 |
||